000 01099cam a22002655a 4500
001 E152555
002
008 110328s2011 xxk 000 0 eng u
020 _a9781842196267
035 _a(Sirsi) u152555
041 _aeng
050 _a333.0062 $2 18
100 _aHirst, Christina
245 _aEthics and professional conduct for surveyors
260 _aCoventry
_bRICS
_c2011
300 _aviii, 144p.
_c21cm.
520 _aThis book puts the RICS Bye Laws, Regulations and Rules of Conduct into a practical context, concentrating on the areas that commonly arise at disciplinary hearings and explaining how such problems can be avoided. Explains compliance and monitoring procedures and highlights some of the key danger areas. Essential reading for chartered surveyors and employers of chartered surveyors.
520 _aSupersedes first edition (ISBN 1842191292)
590 _aKA NTK
650 _aRICS REGULATIONS
650 _aRICS RULES OF CONDUCT
651 4 _aUnited Kingdom
_y
690 _aMANAGEMENT-BUSINESS MANAGEMENT-PROFESSIONAL PRACTICE
942 _n0
999 _c112108
_d112108